[Event "Challenge"]
[Site "http://www.queenalice.com/game.php?id=652463"]
[Date "2009.9.14"]
[Round "-"]
[White "hooligan"]
[Black "schakertje"]
[Result "1-0"]
[WhiteElo "1450"]
[BlackElo "1484"]

1. e4 e5 2. d3 Nc6 3. h4 f6 4. c3 h6 5. Qh5+ Ke7 6. b3 d6 7. g4 Qe8 8. Qxe8+
Kxe8 9. f4 Bxg4 10. f5 h5 11. Be2 a5 12. Bxg4 hxg4 13. a3 a4 14. b4 g5 15. b5
Na7 16. h5 Nxb5 17. Ra2 c6 18. Nd2 Nxc3 19. Rb2 b5 20. Ne2 b4 21. Rxb4 Nxe2 22.
Kxe2 d5 23. Rb6 Ne7 24. Nf1 dxe4 25. dxe4 Bg7 26. Ne3 Rc8 27. Nc4 Kd7 28. Rb7+
Rc7 29. Nb6+ Kd6 30. Nc4+ Kd7 31. Rd1+ Ke8 32. Rxc7 Rxh5 33. Rdd7 Bf8 34. Nd6#
1-0

[Event "Challenge"]
[Site "http://www.queenalice.com/game.php?id=675754"]
[Date "2009.11.1"]
[Round "-"]
[White "schakertje"]
[Black "hooligan"]
[Result "0-1"]
[WhiteElo "1463"]
[BlackElo "1467"]

1. d4 d5 2. e3 e6 3. Bb5+ c6 4. Bd3 h5 5. Ne2 Qh4 6. O-O Bd6 7. h3 e5 8. c3 g5
9. a3 Bxh3 10. gxh3 Qxh3 11. e4 exd4 12. f3 Qh2# 0-1

[Event "Challenge"]
[Site "http://www.queenalice.com/game.php?id=675755"]
[Date "2009.11.1"]
[Round "-"]
[White "hooligan"]
[Black "schakertje"]
[Result "0-1"]
[WhiteElo "1479"]
[BlackElo "1447"]

1. e4 e6 2. d3 Bb4+ 3. c3 Bd6 4. Nf3 Nf6 5. Bg5 h6 6. Bc1 Ng4 7. Be2 b6 8. Nd4
Nxh2 9. Nb5 Be5 10. d4 a6 11. N5a3 Bd6 12. Nc4 Qh4 13. Qa4 b5 14. Nxd6+ cxd6 15.
Qd1 Nf3+ 16. gxf3 Qxh1+ 17. Bf1 h5 18. Kd2 h4 19. Qe2 Bb7 20. a4 Bc6 21. Na3 h3
22. axb5 axb5 23. b4 h2 24. d5 Qg1 25. dxc6 dxc6 26. c4 bxc4 27. Kc2 h1=Q 28.
Bd2 d5 29. exd5 cxd5 30. Bc3 Nc6 31. b5 Nd8 32. b6 Nb7 33. Bxg7 Qxg7 34. Rd1 O-O
35. Rd4 Qxd4 36. Nb5 Ra2+ 37. Kb1 Rxe2 38. Nxd4 Qxf1# 0-1

[Event "Challenge"]
[Site "http://www.queenalice.com/game.php?id=686745"]
[Date "2009.11.21"]
[Round "-"]
[White "schakertje"]
[Black "hooligan"]
[Result "0-1"]
[WhiteElo "1476"]
[BlackElo "1429"]

1. d4 d5 2. e3 e6 3. Bb5+ c6 4. Ba4 b5 5. Bb3 a5 6. a4 b4 7. c3 Nf6 8. e4 Nxe4
9. Nf3 h6 10. cxb4 Bxb4+ 11. Bd2 Bxd2+ 12. Nbxd2 Nd6 13. Ne5 g6 14. Qf3 Na6 15.
O-O Nf5 16. Nxc6 Qd7 17. Nxa5 Nb4 18. Qc3 Rb8 19. Nf3 Ba6 20. Rfe1 Nd3 21. Qc6
Qxc6 22. Nxc6 Rxb3 23. Re2 g5 24. a5 Nf4 25. Rc2 O-O 26. Nce5 f6 27. Nd7 Rd8 28.
Nb6 g4 29. Ne1 Nxd4 30. Rd2 Nde2+ 31. Kh1 h5 32. h4 g3 33. f3 e5 34. Ra3 Rb4 35.
b3 Rd6 36. Ra4 Rxb3 37. Raa2 Rc6 38. Ra1 e4 39. Nxd5 Nxd5 40. Rxe2 Bxe2 41. a6
Rc8 42. a7 Ra8 43. Ra2 Bc4 44. fxe4 Nc3 45. Ra6 Bxa6 46. Kg1 Rxa7 47. e5 fxe5
48. Nf3 Ne2+ 49. Kf1 Nf4+ 50. Ke1 Rb1+ 51. Kd2 Rd7+ 52. Kc2 Rbd1 53. Nxe5 R1d2+
54. Kc3 Ne2+ 55. Kb4 Rc7 56. Ka5 Ra2+ 57. Kb6 Rb7+ 58. Kc6 Nd4+ 59. Kd5 Nb3 60.
Ke4 Rb4+ 61. Kf5 Bc8+ 62. Kg5 Rb5 63. Kxh5 Rxe5+ 64. Kg6 Kh8 65. h5 Ra6+ 66. Kf7
Rb5 67. Ke8 Bg4 68. Kf7 Rb7+ 69. Kf8 Ra8# 0-1

[Event "Challenge"]
[Site "http://www.queenalice.com/game.php?id=686746"]
[Date "2009.11.21"]
[Round "-"]
[White "schakertje"]
[Black "hooligan"]
[Result "1-0"]
[WhiteElo "1480"]
[BlackElo "1436"]

1. d3 d5 2. d4 Nc6 3. e3 e6 4. Bb5 Bd7 5. Qd3 Nb4 6. Bxd7+ Qxd7 7. Qc3 a5 8. a3
Nc6 9. Bd2 b5 10. Qb3 Nd8 11. a4 b4 12. c3 bxc3 13. Bxc3 Nf6 14. Ne2 g5 15. Nd2
Nc6 16. Qb7 Rd8 17. Qa6 Ng4 18. Bxa5 Nxa5 19. Qxa5 e5 20. h3 Nxf2 21. Kxf2 Qf5+
22. Nf3 e4 23. Qb5+ Rd7 24. a5 Bc5 25. Qxc5 exf3 26. gxf3 Rg8 27. Ng3 Qf6 28. a6
Rd8 29. Qxc7 h5 30. Nxh5 Qh6 31. Ng3 Rg6 32. a7 Rgd6 33. Nf5 Qe6 34. Ng7+ Kf8
35. Nxe6+ Rxe6 36. Qxd8+ Kg7 37. a8=Q Rc6 38. Qxc6 Kh7 39. Qxg5 f6 40. Qh5+ Kg7
41. Qxf6+ Kxf6 42. Ra6+ Kg7 43. Rg1+ Kf8 44. Qh8+ Ke7 45. Rg7# 1-0

[Event "Challenge"]
[Site "http://www.queenalice.com/game.php?id=686747"]
[Date "2009.11.21"]
[Round "-"]
[White "hooligan"]
[Black "schakertje"]
[Result "0-1"]
[WhiteElo "1452"]
[BlackElo "1464"]

1. e4 d6 2. d3 e5 3. h4 b6 4. Nf3 Bg4 5. Be2 Bxf3 6. Bxf3 Be7 7. Nc3 Bxh4 8. g3
Bf6 9. Nd5 g6 10. Qd2 c6 11. Nb4 c5 12. Nd5 h5 13. g4 h4 14. c4 h3 15. b4 Ne7
16. Nxf6+ Kf8 17. Ba3 Nbc6 18. d4 Nxd4 19. Bb2 Nxf3+ 20. Kd1 Nxd2 21. Kxd2 Nc6
22. b5 Nb4 23. g5 d5 24. Nxd5 Qxg5+ 25. Kc3 Qg2 26. Rhg1 Qxf2 27. Kb3 h2 28. Rh1
Rh3+ 29. Nc3 Nc2 30. Rad1 Nd4+ 31. Ka3 a6 32. Bc1 Qc2 33. Be3 Qxc3+ 34. Ka4 Qxe3
35. Rhe1 Qf2 36. Rf1 Qc2# 0-1

[Event "Challenge"]
[Site "http://www.queenalice.com/game.php?id=686748"]
[Date "2009.11.21"]
[Round "-"]
[White "hooligan"]
[Black "schakertje"]
[Result "1-0"]
[WhiteElo "1441"]
[BlackElo "1494"]

1. e4 e6 2. d3 Qe7 3. c3 f5 4. e5 Nc6 5. Be2 g6 6. h4 Nxe5 7. d4 Nc6 8. Bg5 Qd6
9. Qd2 h6 10. Bf4 Qe7 11. Na3 d6 12. b4 a6 13. h5 Qg7 14. Nc4 gxh5 15. a4 Qxg2
16. Bxh5+ Kd8 17. Bf3 Qg6 18. Ne2 e5 19. dxe5 Be6 20. Bxc6 Bxc4 21. Bxb7 Rb8 22.
Bd5 Bxd5 23. Qxd5 h5 24. Rd1 Ke8 25. exd6 cxd6 26. Qc6+ Kf7 27. Qc7+ Be7 28.
Qxb8 Qg2 29. Rf1 Qc6 30. b5 Qc4 31. Qb7 Qxa4 32. Bxd6 Qxb5 33. Qc7 Rh6 34. Bxe7
Nxe7 35. Rd7 Qb1+ 36. Kd2 Qxf1 37. Rxe7+ Kf6 38. Qd6+ Kg5 39. Rg7+ Kh4 40. Qd4+
Kh3 41. Ng1+ Qxg1 42. Rxg1 Kh2 43. Re1 h4 44. Qf4+ Kg2 45. Qxh6 Kxf2 46. Qxh4+
Kg2 47. Re2+ Kg1 48. Qf2+ Kh1 49. Qf1# 1-0

[Event "Challenge"]
[Site "http://www.queenalice.com/game.php?id=701660"]
[Date "2009.12.22"]
[Round "-"]
[White "schakertje"]
[Black "hooligan"]
[Result "1-0"]
[WhiteElo "1441"]
[BlackElo "1488"]

1. d3 e5 2. e4 d6 3. f3 a5 4. d4 exd4 5. Qxd4 h5 6. b3 c5 7. Qd5 Nf6 8. Bb5+
Nbd7 9. Bg5 Qe7 10. Bxd7+ Qxd7 11. Bxf6 gxf6 12. Ne2 Ra6 13. Nd2 Rg8 14. Kf1 a4
15. Qxh5 axb3 16. cxb3 b5 17. g4 d5 18. Qh7 Rg5 19. Qh8 dxe4 20. Nxe4 Rg6 21. h3
Qd3 22. Kf2 Re6 23. Rad1 Qc2 24. Rd2 Qxe4 25. fxe4 Rxe4 26. Rg1 c4 27. Rc1 Bxg4
28. hxg4 f5 29. Rcd1 c3 30. Rd8+ Ke7 31. Qxf8+ Kf6 32. R1d6+ Kg5 33. Rd4 Rxg4
34. Qxf7 Rxd4 35. Nxd4 b4 36. Qxf5+ Kh6 37. Qf4+ Rg5 38. Qh4+ Kg6 39. Rd6+ Kf7
40. Qxg5 c2 41. Nxc2 Kf8 42. Qf6+ Ke8 43. Rd8# 1-0

[Event "Challenge"]
[Site "http://www.queenalice.com/game.php?id=701662"]
[Date "2009.12.22"]
[Round "-"]
[White "hooligan"]
[Black "schakertje"]
[Result "1-0"]
[WhiteElo "1431"]
[BlackElo "1458"]

1. e4 e5 2. d3 d6 3. h4 g6 4. h5 c5 5. c3 h6 6. hxg6 fxg6 7. Nd2 h5 8. Ndf3 Bg4
9. Qd2 Bxf3 10. gxf3 Qa5 11. Rh3 Bh6 12. Qd1 Bxc1 13. Qxc1 Ne7 14. f4 h4 15. Nf3
g5 16. Nxg5 Ng6 17. f5 Nf4 18. Rf3 h3 19. Bxh3 Ng2+ 20. Ke2 Nf4+ 21. Rxf4 exf4
22. Qxf4 Qd8 23. Ne6 Qe7 24. f6 Qd7 25. Ng7+ Kf7 26. Bxd7 Nxd7 27. Qxd6 Nxf6 28.
Qc7+ Kg6 29. Rg1+ Kh6 30. Nf5+ Kh5 31. Qh2# 1-0

[Event "Challenge"]
[Site "http://www.queenalice.com/game.php?id=709613"]
[Date "2010.1.7"]
[Round "-"]
[White "schakertje"]
[Black "hooligan"]
[Result "1-0"]
[WhiteElo "1459"]
[BlackElo "1477"]

1. d4 d5 2. Bf4 Nc6 3. e3 h5 4. Bb5 Bd7 5. a4 Nb4 6. c3 e5 7. cxb4 Bxb4+ 8. Kf1
c6 9. Bxe5 cxb5 10. Qb3 bxa4 11. Qxb4 f6 12. Bd6 Rc8 13. Nc3 Rc4 14. Qxb7 Qa5
15. Qxd5 Rxc3 16. Qxa5 Rc2 17. b4 Bf5 18. Qb5+ Kf7 19. Qxf5 Ne7 20. Qxc2 Nc8 21.
Bc5 g6 22. Qc4+ Kg7 23. Rxa4 g5 24. Qd5 Kg6 25. Nf3 g4 26. Nh4+ Kh6 27. Qf5 Kg7
28. Ng6 Rd8 29. Ra6 Re8 30. Qxf6+ Kh6 31. Ne7+ Kh7 32. Qf7+ Kh8 33. Rh6# 1-0

[Event "Challenge"]
[Site "http://www.queenalice.com/game.php?id=709614"]
[Date "2010.1.7"]
[Round "-"]
[White "hooligan"]
[Black "schakertje"]
[Result "0-1"]
[WhiteElo "1460"]
[BlackElo "1476"]

1. e4 d6 2. d3 g6 3. Nf3 Bg4 4. Be2 h5 5. Nd4 Bg7 6. Nb5 a6 7. Nd4 Bxd4 8. f3
Be6 9. g4 c6 10. c3 Bc5 11. d4 Bb6 12. g5 d5 13. e5 Bf5 14. Na3 e6 15. c4 Bxd4
16. cxd5 cxd5 17. b4 Bxa1 18. O-O Bxe5 19. b5 Qb6+ 20. Kh1 axb5 21. Nxb5 Rxa2
22. f4 Ra1 23. fxe5 Bg4 24. Bxg4 Qxb5 25. Rf2 Qc5 26. Rf1 hxg4 27. Qb3 Rxc1 28.
Rxc1 Qxc1+ 29. Kg2 Qc7 30. Qb5+ Nd7 31. Kg3 Qxe5+ 32. Kf2 Rxh2+ 33. Kg1 Qg3+ 34.
Kf1 Qf2# 0-1

[Event "Challenge"]
[Site "http://www.queenalice.com/game.php?id=804334"]
[Date "2010.7.16"]
[Round "-"]
[White "hooligan"]
[Black "schakertje"]
[Result "0-1"]
[WhiteElo "1527"]
[BlackElo "1476"]

1. e4 c6 2. c3 e6 3. b3 g6 4. a3 Bg7 5. h4 b5 6. b4 Be5 7. g3 Nf6 8. g4 Nxe4 9.
Qe2 d5 10. Bb2 Qf6 11. d4 Bd6 12. g5 Qe7 13. a4 Ba6 14. Bg2 bxa4 15. Bxe4 Bxe2
16. Nxe2 dxe4 17. Nd2 f5 18. O-O-O a5 19. Nc4 axb4 20. Nb6 Ra6 21. Nc8 Qc7 22.
Nxd6+ Qxd6 23. c4 a3 24. Ba1 O-O 25. h5 Kg7 26. h6+ Kf7 27. c5 Qe7 28. Rd2 Qxg5
29. Rd1 Qxh6 30. f4 exf3 31. Ng3 a2 32. Rh1 Qg7 33. Rd3 Ra3 34. Rd2 Rd8 35. Kd1
h5 36. Ke1 Rb3 37. Rxa2 Rb1+ 38. Kf2 Rxh1 39. Nxh1 Rxd4 40. Ra7+ Rd7 41. Bxg7
Rxa7 42. Bd4 Ra2+ 43. Kxf3 b3 44. Nf2 Rd2 45. Be3 Rxf2+ 46. Kxf2 b2 47. Kf3 b1=Q
48. Kf4 Qe4+ 49. Kg5 Qxe3+ 50. Kh4 Qf4+ 51. Kh3 Qg4+ 52. Kh2 f4 53. Kh1 f3 54.
Kh2 Qg2# 0-1

[Event "Challenge"]
[Site "http://www.queenalice.com/game.php?id=804335"]
[Date "2010.7.16"]
[Round "-"]
[White "schakertje"]
[Black "hooligan"]
[Result "0-1"]
[WhiteElo "1491"]
[BlackElo "1512"]

1. d3 e5 2. e4 d6 3. f3 a5 4. a3 a4 5. c3 h5 6. d4 Qh4+ 7. g3 Qf6 8. Bc4 c5 9.
Bb5+ Bd7 10. Qd3 Ne7 11. Bxd7+ Nxd7 12. Qb5 Rb8 13. Qxa4 b5 14. Qc2 g5 15. Qf2
Nb6 16. dxc5 dxc5 17. Qxc5 Nd7 18. Qa7 Rd8 19. b4 g4 20. Nd2 Nc6 21. Qb7 Bh6 22.
Qxb5 Ne7 23. Nb3 gxf3 24. Kf2 h4 25. Nd2 Rg8 26. Nf1 hxg3+ 27. Nxg3 Bf4 28. Nxf3
Bxg3+ 29. hxg3 Qg6 30. Bg5 f6 31. a4 fxg5 32. g4 Rf8 33. Rh3 Rf4 34. Rh8+ Ng8
35. Qc4 Rf8 36. Ke3 Qf6 37. Rxg8 Qxf3+ 38. Kd2 Nb6+ 39. Qd5 Nxd5 40. Rxg5 Nxb4+
41. Kc1 Qf1+ 42. Kb2 Rf2+ 43. Kb3 Qxa1 44. Kxb4 Rb8+ 45. Kc5 Qxc3+ 46. Kd5 Rd2+
47. Ke6 Qc6+ 48. Kxe5 Qc7+ 49. Kf6 Rf2+ 50. Kg6 Rb6+ 51. Kh5 Rh2# 0-1

[Event "Challenge"]
[Site "http://www.queenalice.com/game.php?id=841239"]
[Date "2010.10.3"]
[Round "-"]
[White "hooligan"]
[Black "schakertje"]
[Result "0-1"]
[WhiteElo "1510"]
[BlackElo "1494"]

1. e4 e5 2. d3 d6 3. h4 Be7 4. g3 g6 5. Bh3 h5 6. c3 a5 7. Na3 b6 8. Nf3 Bg4 9.
Bxg4 hxg4 10. Nd2 d5 11. Qa4+ c6 12. c4 b5 13. cxb5 Qd7 14. h5 gxh5 15. b6 dxe4
16. Ndc4 exd3 17. Nxe5 Qe6 18. O-O Qxe5 19. Nc4 Qd4 20. b7 Ra7 21. Be3 Qe4 22.
Bd2 h4 23. Rfe1 Qd4 24. Rab1 h3 25. Be3 h2+ 26. Kh1 Qe4+ 27. f3 Qxf3# 0-1

[Event "Challenge"]
[Site "http://www.queenalice.com/game.php?id=841241"]
[Date "2010.10.3"]
[Round "-"]
[White "schakertje"]
[Black "hooligan"]
[Result "1-0"]
[WhiteElo "1511"]
[BlackElo "1504"]

1. Nc3 e5 2. e3 b6 3. f3 a6 4. Qe2 Bb4 5. Qc4 a5 6. Qd5 Nc6 7. Bc4 Qh4+ 8. g3
Qe7 9. Bb5 Bb7 10. Na4 O-O-O 11. Bxc6 Bxc6 12. Qb3 b5 13. a3 Bd6 14. Qc3 bxa4
15. Qxa5 h5 16. Qa6+ Bb7 17. Qxa4 Bc6 18. Qc4 Nf6 19. a4 h4 20. g4 g5 21. h3 Bd5
22. Qc3 e4 23. a5 exf3 24. Nxf3 Bxf3 25. Rg1 Rh6 26. a6 Ba8 27. b4 Ne4 28. Qd4
Be5 29. Qd3 Bxa1 30. a7 Be5 31. Qa6+ Bb7 32. a8=Q# 1-0

[Event "schakertje"]
[Site "http://www.queenalice.com/game.php?id=992851"]
[Date "2011.10.3"]
[Round "-"]
[White "dylan1d"]
[Black "schakertje"]
[Result "0-1"]
[WhiteElo "1145"]
[BlackElo "1546"]

1. b4 g6 2. Nc3 Bg7 3. e3 a6 4. d4 b5 5. g4 Bb7 6. f3 h5 7. gxh5 Rxh5 8. f4 Rf5
9. e4 Bxd4 10. Nf3 Bxc3+ 11. Bd2 Rxf4 12. Rb1 Rxe4+ 13. Be2 Rd4 14. Nxd4 Bxh1
15. Kf2 Bxd4+ 16. Be3 c5 17. Bxd4 Be4 18. bxc5 Bd5 19. h4 Bxa2 20. Ra1 Bd5 21.
Be5 d6 22. Qxd5 Nd7 23. c6 Nxe5 24. h5 e6 25. c7 Qxc7 26. Qxa8+ Qd8 27. Rxa6 Nd7
28. Bxb5 Ne7 29. Bxd7+ Kxd7 30. h6 Nd5 31. h7 Qh4+ 32. Kf3 Qf4+ 33. Ke2 Qe4+ 34.
Kd1 Qh1+ 35. Kd2 Qxh7 36. Qb8 Qh6+ 37. Kd3 Ke7 38. Qxd6+ Kf6 39. c4 Nf4+ 40. Ke4
Qg5 41. Ra7 Qf5+ 42. Kf3 g5 43. Qe7+ Kg6 44. c5 Nd5+ 45. Kg3 Nxe7 46. Rxe7 Qxc5
47. Re8 Qe3+ 48. Kg4 Qf4+ 49. Kh3 Qh4+ 50. Kg2 g4 51. Rg8+ Kf6 52. Rxg4 Qxg4+
53. Kf2 e5 54. Ke3 e4 55. Kd4 Kf5 56. Kd5 e3 57. Kd6 e2 58. Ke7 f6 59. Kf7 e1=Q
60. Kf8 Qf4 61. Kf7 Kg4 62. Kg6 Qf5+ 63. Kf7 Qee6+ 64. Kf8 Qc8+ 65. Ke7 Qfe6#
0-1